000 00515nam a2200193Ia 4500
003 OSt
005 20251218143506.0
008 220923b |||||||| |||| 00| 0 ben d
037 _cTB
040 _aARTS
_cARTS
_bben
041 _2ben
_aben
084 _aO157,1M61:g K1
_qAL
100 _aBhattacharya
_9857833
245 0 _aPadavaleer tatwa sambhar
260 _c1967
650 _aBENGALI LITERATURE
_9857834
942 _hO157,1M61:g0Q22
_cTB
_2CC
_n0
999 _c442153
_d442153